MARC details
| 000 -CABECERA |
| campo de control de longitud fija |
00831nam a22002537a 4500 |
| 003 - IDENTIFICADOR DEL NÚMERO DE CONTROL |
| campo de control |
DO-SdBNP |
| 005 - FECHA Y HORA DE LA ÚLTIMA TRANSACCIÓN |
| campo de control |
20210917094606.0 |
| 007 - CAMPO FIJO DE DESCRIPCIÓN FÍSICA--INFORMACIÓN GENERAL |
| campo de control de longitud fija |
ta |
| 008 - DATOS DE LONGITUD FIJA--INFORMACIÓN GENERAL |
| campo de control de longitud fija |
210917b 2017 dr a 00| 0 eng d |
| 020 ## - NÚMERO INTERNACIONAL ESTÁNDAR DEL LIBRO |
| Número Internacional Estándar del Libro |
9789945600872 |
| 040 ## - FUENTE DE LA CATALOGACIÓN |
| Centro catalogador/agencia de origen |
DO-SdBNP |
| Lengua de catalogación |
spa |
| Centro/agencia transcriptor |
BNPHU |
| 082 #4 - NÚMERO DE LA CLASIFICACIÓN DECIMAL DEWEY |
| Número de clasificación |
BNPHU |
| Número de documento/Ítem |
C614P |
| 100 1# - ENTRADA PRINCIPAL--NOMBRE DE PERSONA |
| Nombre de persona |
Clase, Pablo, |
| Fechas asociadas al nombre |
1953- |
| Forma completa/desarrollada del nombre |
Hijo |
| 9 (RLIN) |
79931 |
| 245 1# - MENCIÓN DE TÍTULO |
| Título |
Porfirio Rubirosa : |
| Resto del título |
el primer playboy del mundo / |
| Mención de responsabilidad, etc. |
Pablo Clase hijo ; prólogo Pedro René Contín Aybar |
| 250 ## - MENCIÓN DE EDICIÓN |
| Mención de edición |
8a ed. revisada y ampliada |
| 260 ## - PUBLICACIÓN, DISTRIBUCIÓN, ETC. |
| Lugar de publicación, distribución, etc. |
Santo Domingo : |
| Nombre del editor, distribuidor, etc. |
Santuario, |
| Fecha de publicación, distribución, etc. |
2017. |
| 300 ## - DESCRIPCIÓN FÍSICA |
| Extensión |
240 p. : |
| Otras características físicas |
il. ; |
| Dimensiones |
23 cm. |
| 500 ## - NOTA GENERAL |
| Nota general |
Incluye datos biográficos del autor en las solapas |
| 504 ## - NOTA DE BIBLIOGRAFÍA, ETC. |
| Nota de bibliografía, etc. |
Bibliografía : p. 237-240 |
| 590 ## - NOTA LOCAL (RLIN) |
| Nota local |
Inventariado, 2021/BT |
| 700 1# - PUNTO DE ACCESO ADICIONAL--NOMBRE DE PERSONA |
| Nombre de persona |
Contín Aybar, Pedro René, |
| Término indicativo de función/relación |
pról. |
| 9 (RLIN) |
23772 |
| 910 ## - DATOS DE OPCIÓN DEL USUARIO (OCLC) |
| Datos de opción del usuario |
Btavárez |
| 942 ## - ELEMENTOS DE PUNTO DE ACCESO ADICIONAL (KOHA) |
| Fuente del sistema de clasificación o colocación |
Dewey Decimal Classification |
| Tipo de ítem Koha |
Libro |